000 00676nam a2200241Ia 4500
003 OSt
005 20220918110407.0
006 a|||||r|||| 00| 0
007 ta
008 220915b |||||||| |||| 00| 0 eng d
024 _a96922
037 _cReference Collections
040 _aARTS
_cARTS
_beng
041 _2eng
_aeng
082 _aV1.Df, L1 (RR)
100 _aGrant Michael
_97534
245 0 _aAncient history atlas cartography by Arthur Bank
260 _aNew York
_bMacmillan
_c1971
300 _a96p.
650 _aHISTORY
942 _hV1.Df, L1 (RR)
_cREF
999 _c112565
_d112565